Video Games by Villain: Picture Quiz - Statistics

General Stats
  • This quiz has been taken 69 times
  • The average score is 15 of 32
Answer Stats
Picture Answer % Correct
Minecraft
95%
Red Dead Redemption 2
90%
Mario
89%
Cuphead
80%
Joker
80%
Bowser
77%
Arkham
72%
Ender Dragon
72%
God of War
67%
Far Cry 3
66%
Skyrim
66%
Elden Ring
59%
Call of Duty
51%
Assassin's Creed
49%
Borderlands 2
49%
Metal Gear Solid
48%
Ghost of Tsushima
34%
Malenia
34%
Vaas
34%
Micah Bell
33%
Baldur
30%
Handsome Jack
30%
King Dice
28%
The Witcher 3
25%
Alduin
23%
Liquid Snake
23%
Vladimir Makarov
21%
Khotun Khan
18%
Cesare Borgia
16%
Destiny
15%
Eredin
13%
Crota
7%
No matching quizzes found
Score Distribution
Percent of People with Each Score
Percentile by Number Answered
Your Score History
You have not taken this quiz